000 00535nam a2200193 a 4500
001 21329
005 20180713215042.0
008 140415s1994 000 0 spa d
020 _a0194376656
041 _aspa
082 _a380.1459104
_bREV
100 1 _aREVELL, ROD
245 1 0 _aHIGHLY RECOMMENDED ENGLISH :
_bFOR THE HOTEL AND CATERING INDUSTRY
250 _a2a ed.
260 _a[s.l.] :
_bOXFORD UNIVERSITY PRESS,
_c1994
300 _a110
650 1 4 _aTURISMO
_xINGLES
700 1 _aSTOTT, TRISH
_ecoaut.
999 _c21329
_d21329